=LDR 00000nam 2200000 4500 =001 INLIS000000000005324 =005 20130612093554 =008 ***********************************Ind** =035 ##$$0010-061300000005324 =041 ##$$a Ind =082 ##$$a 320.54 =090 ##$$a 320.54, Yat s =100 ##$$a YATIM, Badri =245 ##$$a Soekarno, Islam dan Nasionalisme, Badri Yatim. -- =650 ##$$a 1999 $b Jakarta =710 ##$$a xvii, 196 hlm, 18 cm =850 ##$$a Nasionalisme - Indonesia